000 00579nam a22002057a 4500
003 OSt
005 20260115040737.0
008 260115b |||||||| |||| 00| 0 eng d
020 _a1-582796440.
040 _aDWCL-Main lib
_cOC
082 _22005 edition
_aGR. 613.2 Ov96 2005
245 _aOvercoming weight problems
260 _aUSA :
_bTrident Reference Publishing,
_cc2005.
300 _a63 pages :
_bcolored illustration ;
_c27 cm.
504 _aIncludes index.
650 _21. Diet.
650 _22. Nutrition.
650 _23. Weight loss.
942 _2ddc
_cGR
_kGR.
_n0
999 _c7422
_d7422